000 00581nam a22001937a 4500
008 151013b xxu||||| |||| 00| 0 eng d
020 _a0321426592
041 0 _aeng
080 _a311.42
100 1 _aSharpe, Norean Radke.
245 1 0 _aBusiness statistics /
_cNorean R. Sharpe, Richard D. DeVeaux, Paul F. Velleman.
260 _aBoston :
_bAddison Wesley,
_c2010.
300 _axl, 762, A-70 f. :
_bme il.;
_c29 cm. +
_e1 CD-ROM (4 3/4 in.)
650 0 _aStatistika
650 0 _aBiznes
700 1 _aDe Veaux, Richard D.
700 1 _aVelleman, Paul F.,
942 _2udc
_cBK
999 _c1265
_d1265